UBT Library

Choices a Writing Guide with Readings (Record no. 50603)

000 -LEADER
fixed length control field 00316nam a22001337a 4500
008 - FIXED-LENGTH DATA ELEMENTS--GENERAL INFORMATION
fixed length control field 181023b xxu||||| |||| 00| 0 eng d
020 ## - INTERNATIONAL STANDARD BOOK NUMBER
International Standard Book Number 9781457698323
041 ## - LANGUAGE CODE
Language code of text/sound track or separate title eng
080 ## - UNIVERSAL DECIMAL CLASSIFICATION NUMBER
Edition identifier 6th
Universal Decimal Classification number 371
100 ## - Rafti
Rafti 46
101 ## - Shkurtesa
Shkurtesa EDU
245 ## - TITLE STATEMENT
Title Choices a Writing Guide with Readings
Statement of responsibility, etc Mangelsdorf,K
942 ## - ADDED ENTRY ELEMENTS (KOHA)
Source of classification or shelving scheme
Item type Books
Holdings
Withdrawn status Lost status Source of classification or shelving scheme Damaged status Not for loan Collection code Permanent location Current location Shelving location Date acquired Total Checkouts Full call number Barcode Date last seen Price effective from Koha item type
          Koleksioni i përgjithshem UBT - Lipjan UBT - Lipjan Koleksioni i përgjithshem 10/23/2018   371 MAN 002-3016907 10/23/2018 10/23/2018 Books
          Koleksioni i përgjithshem UBT - Lipjan UBT - Lipjan Koleksioni i përgjithshem 03/02/2021   37 MAN 002-6000410 03/02/2021 03/02/2021 Books
          Koleksioni i përgjithshem UBT - Lipjan UBT - Lipjan   04/13/2023   37MAN 002-80005022 04/13/2023 04/13/2023 Books
          Koleksioni i përgjithshem UBT - Lipjan UBT - Lipjan   04/13/2023   37MAN 002-80005023 04/13/2023 04/13/2023 Books
          Koleksioni i përgjithshem UBT - Lipjan UBT - Lipjan   04/13/2023   37MAN 002-80005024 04/13/2023 04/13/2023 Books
          Koleksioni i përgjithshem UBT - Lipjan UBT - Lipjan   04/13/2023   37MAN 002-80005025 04/13/2023 04/13/2023 Books
UBT Library © 2015-2024. All rights reserved University Education for Business and Technology